000
00283nam a22000977a 4500
082
_a
P-947
100
_a
Krishnapriya T S
245
_a
Performance evaluation of thiruvalla primary cooperative agricultural and rural development bank ltd no A:159
260
_c
2013
942
_2
ddc
_c
TH
999
_c
177673
_d
177673